| 000 | 00423nam a2200157Ia 4500 | ||
|---|---|---|---|
| 003 | GCL | ||
| 008 | 140319s9999 xx 000 0 ara d | ||
| 040 |
_aGCL / _cGCL |
||
| 082 | 0 | 4 |
_aد _b050 |
| 100 | 1 | _aيوسف مصطفى الحارونى | |
| 245 | 1 | 0 |
_aقصةالبترول (اقرا90) / _cيوسف مصطفى الحارونى |
| 300 | _a156 | ||
| 490 |
_aاقرأ _v0 |
||
| 650 | 0 | 4 | _aالبترول |
| 942 |
_2ddc _cBK |
||
| 999 |
_c48830 _d48830 |
||